00339nam a2200133Ia 4500008004100000020002200041041000800063082001400071100001700085245004900102250001000151260003500161300000900196250602s2024 xx 000 0 und d a978-93-341-0323-6 aeng a657.2/MAH aMahekar, V B aAdvanced Cost AccountancybM.Com.I, S-I, P-I a1 Ed. aKolhapurbMS Publicationc2024 a108p